00509cam a22001332 4500001001100000005001700011008004100028020001700069040001500086245009600101260005200197300003100249650009500280000002503920151217160131.0141026s xx 000 0 eng d a0130624381 : aKABUcKABU10aPrentice Hall literature :btimeless voices, timeless themes /cby Kate Kinsella, ... etal. aUpper Saddle River :bPearson Education,c2003. a 1 vol. (various paging) ; 0aAmerican literaturexstudy and teaching (secondary)xproblems, exercises, etc.@0000185422